Every F1 Driver - 2000s - Statistics

General Stats
  • This quiz has been taken 144 times
  • The average score is 79 of 124
Answer Stats
3 Letter Driver/s % Correct
ALO Fernando Alonso
99%
OCO Esteban Ocon
95%
RAI Kimi Räikkönen
95%
HAM Lewis Hamilton
95%
VER Jos Verstappen
94%
VER | VES Max Verstappen
94%
MSC Michael Schumacher
94%
MSC Mick Schumacher
94%
RSC Ralf Schumacher
94%
BOT Valtteri Bottas
94%
SAI Carlos Sainz jr.
93%
MAG Kevin Magnussen
93%
HUL Nico Hülkenberg
93%
ALB Alexander Albon
92%
LEC Charles Leclerc
92%
STR Lance Stroll
92%
PIA Oscar Piastri
92%
GAS Pierre Gasly
92%
RIC Daniel Ricciardo
91%
ZHO Zhou Guanyu
91%
WEB Mark Webber
90%
HAK Mika Häkkinen
90%
VET Sebastian Vettel
90%
BUT Jenson Button
88%
ROS Nico Rosberg
88%
KVY Daniil Kvyat
87%
KUB Robert Kubica
87%
PER Sergio Perez
87%
NOR Lando Norris
86%
LAW Liam Lawson
86%
PIQ Nelson Piquet jr.
86%
COU David Coulthard
85%
BEA Oliver Bearman
84%
BAR Rubens Barrichello
84%
TSU Yuki Tsunoda
84%
SEN Bruno Senna
83%
MAZ Nikita Mazepin
83%
IRV Eddie Irvine
81%
MAS Felipe Massa
81%
FIS Giancarlo Fisichella
81%
MOY Juan Pablo Montoya
81%
TRU Jarno Trulli
80%
LAT Nicholas Latifi
80%
GIO Antonio Giovinazzi
79%
RUS George Russell
79%
KOB Kamui Kobayashi
79%
ERI Marcus Ericsson
79%
GRO Romain Grosjean
79%
GLO Timo Glock
78%
VIL Jacques Villeneuve
77%
KOV Heikki Kovalainen
76%
MAL Pastor Maldonado
76%
BUE Sebastien Buemi
76%
SUT Adrian Sutil
74%
FIT Pietro Fittipaldi
73%
AIT Jack Aitken
70%
ALE Jean Alesi
69%
PET Vitaly Petrov
69%
BIA Jules Bianchi
67%
HEI Nick Heidfeld
67%
DLR Pedro de la Rosa
67%
SAT Takuma Sato
66%
PIC Charles Pic
65%
GUT Esteban Gutierrez
65%
SAR Logan Sargeant
65%
LIU Vitantonio Liuzzi
65%
FRE Heinz-Harald Frentzen
64%
WEH Pascal Wehrlein
64%
NAS Felipe Nasr
63%
KLI Christian Klien
62%
SIR Sergey Sirotkin
62%
DEV Nyck de Vries
60%
BAD Luca Badoer
59%
DIR Paul di Resta
59%
ZON Ricardo Zonta
58%
VAN Stoffel Vandoorne
58%
ALG Jaime Alguersuari
57%
YAM Sakon Yamamoto
57%
IDE Yuji Ide
57%
PAL Jolyon Palmer
56%
WUR Alexander Wurz
55%
CHI Max Chilton
53%
DAV Anthony Davidson
52%
VER Jean-Eric Vergne
48%
VDG Giedo van der Garde
47%
NAK Kazuki Nakajima
47%
KAR Narain Karthikeyan
47%
HAR Brendon Hartley
45%
CHA Karun Chandhok
45%
ALB Christijan Albers
44%
YOO Alex Yoong
43%
LOT André Lotterer
41%
PIZ Antonio Pizzonia
41%
WIL Justin Wilson
41%
DIG Lucas di Grassi
40%
PAN Olivier Panis
40%
SPE Scott Speed
38%
HAR Rio Haryanto
37%
STE Will Stevens
37%
DAM Jerome d'Ambrosio
36%
BAU Zsolt Baumgartner
35%
RSI Alexander Rossi
34%
SAL Mika Salo
34%
MON Tiago Monteiro
33%
BUR Luciano Burti
31%
DIN Pedro Diniz
31%
FIR Ralph Firman
31%
MER Roberto Merhi
31%
WIN Markus Winkelhock
30%
MAZ Gaston Mazzacane
29%
HER Johnny Herbert
28%
GEN Marc Gené
28%
ENG Tomas Enge
27%
DOO Robert Doornbos
26%
FRI Patrick Friesacher
24%
BRU Gianmaria Bruni
22%
KIE Nicolas Kiesa
22%
DAM Cristiano da Matta
20%
MON Franck Montagny
20%
PAN Giorgio Pantano
19%
BER Enrique Bernoldi
17%
MAR Tanso Marques
16%
MCN Allan McNish
14%
No matching quizzes found
Score Distribution
Percent of People with Each Score
Percentile by Number Answered
Your Score History
You have not taken this quiz